| 000 | 00000nam 2200000zi 4500 |
| 001 | 9.858651 |
| 003 | CaOODSP |
| 005 | 20240216111510 |
| 006 | m o d f |
| 007 | cr cn||||||||| |
| 008 | 180706t20182018nuc ob f000 0 fre d |
| 020 | |a9780660271576 |
| 040 | |aCaOODSP|bfre|erda|cCaOODSP |
| 043 | |an-cn--- |
| 045 | |ay1y1 |
| 086 | 1 |aR108-7/2018F-PDF |
| 245 | 00|aÉvaluation du programme Investissements stratégiques dans le développement économique du Nord 2012-2013 à 2016-2017. |
| 246 | 17|aÉvaluation du programme Investissements stratégiques dans le développement économique du Nord (ISDEN) |
| 264 | 1|a[Iqaluit, Nunavut] : |bAgence canadienne de développement économique du Nord = Canadian Northern Economic Development Agency, |c2018. |
| 264 | 4|c©2018 |
| 300 | |a1 ressource en ligne (x, 30 pages, 26 pages non numérotées) |
| 336 | |atexte|btxt|2rdacontent/fre |
| 337 | |ainformatique|bc|2rdamedia/fre |
| 338 | |aressource en ligne|bcr|2rdacarrier/fre |
| 500 | |aPublié aussi en anglais sous le titre : Evaluation of the Strategic Investments in Northern Economic Development program 2012-2013 to 2016-2017. |
| 500 | |aTitre de la couverture. |
| 500 | |a« Rapport final, avril 2018. » |
| 500 | |aConsultant : R.A. Malatest & Associates Ltd. Conférer Remerciements. |
| 500 | |aComprend un sommaire du rapport. |
| 504 | |aComprend des références bibliographiques. |
| 692 | 07|2gccst|aDéveloppement économique |
| 692 | 07|2gccst|aNord canadien |
| 692 | 07|2gccst|aÉvaluation de programme |
| 710 | 2 |aAgence canadienne de développement économique du Nord. |
| 710 | 2 |aR.A. Malatest & Associates. |
| 775 | 08|tEvaluation of the Strategic Investments in Northern Economic Development program 2012-2013 to 2016-2017.|w(CaOODSP)9.858650 |
| 795 | |tÉvaluation des Investissements stratégiques dans le développement économique du Nord : |bdécembre 2013|w(CaOODSP)9.934035 |
| 856 | 40|qPDF|s443 Ko|uhttps://publications.gc.ca/collections/collection_2019/cannor/R108-7-2018-fra.pdf|z(rapport) |
| 856 | 40|qPDF|s161 Ko|uhttps://publications.gc.ca/collections/collection_2019/cannor/R108-7-2018-1-fra.pdf|z(sommaire) |